1398 1794 1840 1396 1949 1271 1428 1497 1288 1130 1102 1186 1894 1926 1196 1287 1800 1503 1404 1684 1637 1017 1201 1668 1639 1101 1679 1706 1091 1182 1551 1882 1550 1991 1285 1306 1628 1987 1839 1320 1453 1217 1710 1703 1556 1088 1355 1457 1356 1859 1121 1563 1489 1579 1203 1805 1321 1788 1947 1832 1376 1609 1891 1637 1513 1888 1661 1383 1999 1478 1861 1858 1305 1211 1136 1754 1963 1244 1427 1099 1377 1574 1436 1188 1919 1636 1950 1960 1138 1506 1213 1788 1622 1029 1914 1990 1115 1328 1521 BCNSPRNW ULIB Ver.6.0+V

เปลี่ยนเป็นภาษาไทย

Change to English
 แสดงรายละเอียดบรรณานุกรม
  กลับหน้าหลัก

Brief Record : Get Marc (ISO 2709) : E-mail record : QR code < ปิดหน้าต่าง
LEADER : 00000nam 2200000uu 4500
001    13399108334
003     ULIB
008    110301s2551||||th 000 0 tha d
020    9789740323341
060 04 WY100.4^bว711บ 2551
100 0  วิโรจน์ ไววานิชกิจ
245 10 บทบาทของพยาบาลในงานด้านการชันสูตรโรคทางห้องปฏิบัติการ /^cวิโรจน์ ไววานิชกิจ
250    พิมพ์ครั้งที่ 1
260    กรุงเทพฯ :^bสำนักพิมพ์แห่งจุฬาลงกรณ์มหาวิทยาลัย,^c2551
300    85 หน้า :^bภาพประกอบ ;^c21 ซม.
650  7 การวินิจฉัยโรคทางห้องปฏิบัติการ
650  7 พยาบาล
945    ^p90^l0^i025089
945    ^p90^l0^i025090
945    ^p90^l0^i025091
945    ^p90^l0^i025092
945    ^p90^l0^i026058
945    ^p90^l0^i026059
945    ^p90^l0^i026060
945    ^p90^l0^i026466
995     เกษร
999 ^a ใช้งานได้ทุกระบบ
รายการนี้ยังไม่มีแท็ก
คุณยังไม่ได้ล็อกอิน คุณสามารถมีกิจกรรมร่วมกับเว็บไซต์ได้ แต่ต้องล็อกอินก่อน ::
  ล็อกอิน

รายการสื่อสารสนเทศ

ลำดับที่ ประเภท เลขเรียก/บาร์โค้ด สถานที่ สถานะ
- ไม่พบข้อมูล -

รายการใกล้เคียง
    ผู้แต่ง [วิโรจน์ ไววานิชกิจ]

    หัวเรื่อง [การวินิจฉัยโรคทางห้องปฏิบัติการ]
    หัวเรื่อง [พยาบาล]

BibComment


ยังไม่เคยถูกคอมเมนท์

คอมเมนท์ทรัพยากรรายการนี้
  คอมเมนท์: บทบาทของพยาบาลในง..


 Copyright 2026. Bcnsprnw @Library